| 000 | 01689cam a2200349 a 4500 | ||
|---|---|---|---|
| 005 | 20260322212047.0 | ||
| 008 | data | ||
| 010 | _a 2008035927 | ||
| 020 | _a9781433103414 (hardcover : alk. paper) | ||
| 020 | _a1433103419 (hardcover : alk. paper) | ||
| 020 | _a9781433103407 (pbk. : alk. paper) | ||
| 020 | _a1433103400 (pbk. : alk. paper) | ||
| 040 |
_aDLC _cDLC _dDLC _dYDXCP _dC#P _dCDX _dDLC |
||
| 050 | 0 | 0 |
_aGV1201 _b.S812 2009 |
| 082 | 0 | 0 |
_a793 _222 |
| 092 | _a793 Ste 2009 | ||
| 100 | 1 |
_aStein, Andi, _d1960- |
|
| 245 | 1 | 3 |
_aAn introduction to the entertainment industry / _cAndi Stein & Beth Bingham Evans. |
| 260 |
_aNew York : _bPeter Lang, _cc2009. |
||
| 300 |
_aviii, 311 p. : _bill. ; _c26 cm. |
||
| 504 | _aIncludes bibliographical references and index. | ||
| 505 | 0 | _aIntroduction -- Film -- Television -- Radio -- Theater -- Music-- Museums -- Theme parks -- Sports -- Travel and tourism --Shopping -- Gambling and casino gaming -- Video games --Publishing -- Event planning. | |
| 650 | 0 | _aAmusements. | |
| 650 | 0 | _aGames. | |
| 650 | 0 | _aMass media. | |
| 700 | 1 |
_aEvans, Beth Bingham, _d1962- |
|
| 856 | 4 | 1 |
_3Table of contents only _uhttp://www.loc.gov/catdir/toc/ecip0825/2008035927.html |
| 906 |
_a7 _bcbc _corignew _d1 _eecip _f20 _gy-gencatlg |
||
| 925 | 0 |
_aacquire _b2 shelf copies _xpolicy default |
|
| 955 |
_dsf03 2008-08-15 (telework) _esf04 2008-08-18 to Dewey _frf06 2009-03-05 Z-CipVer _grf06 2009-03-05 to BCCD |
||
| 001 | data | ||
| 999 |
_c1113 _d1113 |
||